01524cam a22003737a 4500003000500000005001700005008004100022010000900063011000900072035000900081040000900090090001000099100004100109245015000150260004000300300000900340502007700349590003700426590004100463590004100504590004100545590004100586590004100627590004200668650003500710650003500745901000700780942000900787949004100796949004600837999001500883952012500898952012701023CHAP20220329133141.0971013s1990 r 00010 d a2742 a3714 a2915 cCHAP aTesis00aRivera Porras, Víctor Hugo.997723 0aUso de soluciones conservadoras en inflorescencias de agapando (Agapanthus orientalis Leigh)almacenadas a 4o. C y con una humedad relativa de 95% aChapingo, Méx. :bEl autor,c1990 a76 h aTesis (Ing. Agr. Esp. en Fitotecnia) -- UACH. Departamento de Fitotecnia aALEPHb10c20130110lUCH01h1213 aBATCH-UPDb10c20130110lUCH01h0143 aBATCH-UPDb10c20130110lUCH01h2146 aBATCH-UPDb10c20130409lUCH01h2141 aBATCH-UPDb10c20130410lUCH01h1454 aBATCH-UPDb10c20130914lUCH01h1419 aCONVERSIONb10c20130109lUCH01h130314aFloresxInflorescencia.94138414aFloresxPreservación.941402 aBK cFOLL bBCcTESd-12423eTS1h24667i2915si bBCcTESd-73819eTS2fc.2h24674i2915si c2742d2742 00102local4053708TESISaBCbBCcPA_TESISd2019-12-31fTESISl0p-73819r2019-12-31 00:00:00tc.2w2019-12-31yTESIS 00102local4051708TESISaBCbBCcPA_TESISd2019-12-31fTESISl0oTesisp-12423r2019-12-31 00:00:00w2019-12-31yTESIS